Normal view MARC view

Entry Personal Name

Number of records used in: 1

001 - CONTROL NUMBER

  • control field: 1236208

003 - CONTROL NUMBER IDENTIFIER

  • control field: OSt

005 - DATE AND TIME OF LATEST TRANSACTION

  • control field: 20260430150020.0

008 - FIXED-LENGTH DATA ELEMENTS

  • fixed length control field: 260430|| aca||aabn | a|a d

040 ## - CATALOGING SOURCE

  • Original cataloging agency: OSt
  • Transcribing agency: OSt

100 ## - HEADING--PERSONAL NAME

  • Personal name: Khurana Ridhi Au.; Kapoor Sanjay Gu

670 ## - SOURCE DATA FOUND

  • Source citation: Work cat.: (OSt)1848737: Khurana Ridhi Au.; Kapoor Sanjay Gu., Analysis of factors contributing to transcriptional regulation of OsMADS29 expression and interaction of MADS29 with calmodulin like proteins, 2022
Copyright @ Delhi University Library System